000 01490nab a22002777a 4500
999 _c5664
_d5664
003 OSt
005 20251226125956.0
008 190429b xxu||||| |||| 00| 0 spa d
040 _cPJ
100 _96625
_aSamite, María Fernanda
245 1 3 _aEl caso "Ilarraz". El reciente fallo de la CS y las —no recientes— discusiones en torno a la prescripción de la acción penal en materia de delitos contra la integridad sexual cometidos respecto de víctimas menores de edad /
_cMaría Fernanda Samite.
260 _cCiudad Autónoma de Buenos Aires :
_aThomson Reuters La Ley,
_b2025.
300 _ap. 48-60
500 _aCita: TR LALEY AR/DOC/2208/2025.
505 _aSumario: I. Introducción.— II. Los hechos, el fallo y su previo derrotero procesal.— III. Cuestiones analizadas por la CS.— IV. Crítica. La discusión: ¿podría continuar?— V. Conclusión.
505 _tSi te interesa el texto completo, solicitalo a koha@justierradelfuego.gov.ar
650 0 _9343
_aDERECHO PENAL
650 0 _9614
_aDERECHOS HUMANOS
650 0 _92902
_aDELITOS CONTRA LA INTEGRIDAD SEXUAL
650 0 _92741
_aDERECHOS DE LAS NIÑAS, NIÑOS Y ADOLESCENTES
650 0 _92903
_aABUSO SEXUAL
650 0 _96334
_aCRÍMENES DE LESA HUMANIDAD
650 0 _93902
_aPRESCRIPCIÓN DE LA ACCIÓN PENAL
773 0 _02658
_93164
_tRevista de derecho penal y criminología. Nº 9 - Octubre 2025
_dCiudad Autónoma de Buenos Aires : Thomson Reuters La Ley, 2017-
_x00347914
942 _2udc
_cANA